000 00466nam a2200193Ia 4500
005 20250603145601.0
008 250603s9999 xx 000 0 und d
020 _a978-0-321-46857-4
050 _aHG 8051 .R44/
100 _aRejda, George E.
245 0 _aPrinciples of risk management and insurance
250 _a10th ed.
260 _aBoston
260 _bPearson Addison Wesley
260 _c2008
300 _a748 p
650 _aBoston
942 _cBK
999 _c42272
_d42272